Normal view MARC view

Entry Personal Name

Number of records used in: 1

001 - CONTROL NUMBER

  • control field: 556400

003 - CONTROL NUMBER IDENTIFIER

  • control field: OSt

005 - DATE AND TIME OF LATEST TRANSACTION

  • control field: 20220930094833.0

008 - FIXED-LENGTH DATA ELEMENTS

  • fixed length control field: 220930|| aca||aabn | a|a d

040 ## - CATALOGING SOURCE

  • Original cataloging agency: OSt
  • Transcribing agency: OSt

100 ## - HEADING--PERSONAL NAME

  • Personal name: डॉ. द्वारिका प्रसाद, गा

670 ## - SOURCE DATA FOUND

  • Source citation: Work cat.: (OSt)887749: बोस, पंकज कुमार 157821, सातवें दशक का आलोचनात्मक परिप्रेक्ष्य और इलाहाबाद की विवेचना गोष्ठी, 2013
Copyright @ Delhi University Library System